000 02619cas a2200361 i 4500
003 CSPC
005 20260115115611.0
008 260115c2021 ph ar p 0 0eng
010 _a 2011342724
022 _a2782-8859
040 _aCSPC
_beng
_cCSPC
_erda
050 0 0 _aJQ3751.A1
_bE84
245 0 0 _aJournal of public management and development.
246 1 _aEJPMD
264 1 _aPasig City :
_bDevelopment Academy of the philippines,
_c2021.
300 _avolumes :
_billustrations ;
_c25 cm.
310 _aAnnual
336 _2rdacontent
_atext
337 _2rdamedia
_aunmediated
338 _2rdacarrier
_avolume
362 1 _aVolume 2, Number 1
362 1 _aVolume 2, Number 2
490 1 _aA journal of the Development Academy of the Philippines Graduate School of the Public and Development Management.
504 _aIncludes bibliographical references.
505 0 _aAn assessment of the smart city approach in the context of highly urbanized cities in the Philippines -- Developing, reclaiming, and democratizing green and open spaces -- Critical perspectives on localizing sustainable development goal 11.4 : framing subnational governments' role in protecting and safeguarding the nations' cultural and natural heritage -- Preserving the cultural heritage as a lifetime achievement: the case of the province of Bohol and special cases -- Covid 19 and the need for the public and open spaces: a case study in Quezon City -- Covid-19 and the Philippine food crisis: the Luzon lockdown to agricultural value chains and access to food -- Interrogating urban resilience through futures thinking: Implications and imperatives for urban disaster risk management planning in the Philippines -- Local government autonomy index or the LGA index: analyzing the governance impact of further devolution in the Philippines as a result of Mandanas vs. Ochoa, Jr. -- Tracking SDGs and innovation progress in the Philippines : disaster management and the fourth industrial revolution -- Promoting sustainable consumption and production in the Philippines: Materials recovery and recycling policies, datasets, and best practices for solid waste management.
650 0 _aPublic administration
_vPeriodicals.
650 7 _aPolitics and government
_2fast
_0(OCoLC)fst01919741
650 7 _aPublic administration.
_2fast
_0(OCoLC)fst01081976
700 1 _aPerante-Calina, Lizan E.,
_eeditors.
700 1 _aRebullida, Maria Lourdes G.,
_eeditors.
942 _2ddc
_n0
_cSERIALS
_iJ826
_kSER
_m2021
999 _c31499
_d31499